Neutral European Countries WOII - Statistics

General Stats
  • This quiz has been taken 10 times
  • The average score is 5 of 7
Answers on the Grid
Answers color-coded by a green-red scale on the quiz's grid according to % correct below.
Sweden
Switzerland
Andorra
Austria
Ireland
Hungary
Netherlands
Portugal
Soviet Union
United Kingdom
Greece
Norway
Finland
Spain
Liechtenstein
Germany
Belgium
Italy
Poland
Romania
Denmark
Yugoslavia
Luxembourg
Iceland
Slovenia
 
Answer Stats
Answer % Correct
Switzerland
100%
Ireland
75%
Portugal
75%
Spain
75%
Sweden
75%
Andorra
25%
Liechtenstein
25%
No matching quizzes found
Score Distribution
Percent of People with Each Score
Percentile by Number Answered
Your Score History
You have not taken this quiz